Statistiques concernant Que s'est-il passé un 2 mars?

Cliquez ici pour prendre le quiz!

Statistiques générales

  • Ce quiz a été pris 35 fois
  • Le résultat moyen est 7 sur 16

Statistiques - réponses

AnnéeIndiceRéponse% Correct
986Ce peuple a un nouveau roi: Louis VFrancs
85%
1995Giulio Andreotti est inculpé de collusions avec cette organisation criminelleMafia
82%
1836Ce futur état américain déclare son indépendance par rapport au MexiqueTexas
79%
1965Début de l'opération "Rolling Thunder", les États-Unis bombardent ce paysNord-Vietnam
76%
2008Ce candidat succède à Vladimir Poutine à la présidence de la RussieDmitri Medvedev
56%
1917Les habitants de cette île deviennent citoyens américains selon la loiPorto Rico
47%
1992Le Kazakhstan et 8 autres pays intègrent cette organisationO.N.U.
41%
1956Ce pays d'Afrique obtient son indépendanceMaroc
38%
1962Le général Ne Win prend le pouvoir par la force dans ce paysBirmanie
32%
1476La Bataille de Grandson oppose l'armée bourguignonne à une conférédération de cette nationSuisse
32%
1295Traité de Vincennes, le roi Philippe IV récupère ce comtéComté de Bourgogne
24%
1991Ce célèbre chanteur français à la suite d'une cinquième crise cardiaqueSerge Gainsbourg
24%
1962Ce basketteur établit le record de point en un seul match N.B.A: 100 pointsWilt Chamberlain
21%
1458Georges de Poděbrady devient roi de cet ancien royaumeBohême
12%
1992Ce pays voit éclater une guerre civile, appélée Guerre du DniestrMoldavie
9%
1561Cette ville d'Argentine est fondéeMendoza
3%

Distribution des résultats

Percentile par nombre de réponses

% des personnes avec chaque résultat

Votre développement - résultats

Vous n’avez pas pris ce quiz